000 00719nam a2200265Ia 4500
003 OSt
005 20220918163532.0
006 a|||||r|||| 00| 0
007 ta
008 220917b |||||||| |||| 00| 0 eng d
020 _a0080237320
024 _a249,156
037 _cTextual
040 _aARTS
_cARTS
_beng
041 _2eng
_aeng
082 _aY:1.1(Y:4), L9
100 _aCole Sam Ed.
_913562
245 0 _aModels, planning and basic needs
260 _aOxford
_bPergamon Press UK
_c1979
300 _axv,202p.
_ccm.
650 _aCULTURE
_913563
700 _a Lucas Henry Ed.
_913564
942 _hY:1.1(Y:4), L9
_cTEXL
_2CC
999 _c119945
_d119945